Datum a čas kvízu
36
Celkem bodů
Celkový počet nahraných bodů na tomto kvízu bez doplňovacích otázek.
7.
Pořadí na kvízu
Konečné umístění týmu na tomto kvízu.
Zaznamenané odpovědi
| # | Otázka | Odpověď | Body | Výsledky |
|---|---|---|---|---|
| 1. | Jak se jmenoval písničkář, kte... | David Stypka | 1 | |
| 2. | Minulý týden informovala média... | C | 1 | |
| 3. | Minulý čtvrtek byl uveden do k... | Nepela | 1 | |
| 4. | Známý dánský pivovar představi... | Carlsberg | 1 | |
| 5. | Julie Zárybnická získala minul... | V judu | 0 | |
| 6. | Ačkoliv je čas večeře, věnujem... | fazole; rajčata | 1 | |
| 7. | Od slané ke sladké snídani. V... | javorový sirup | 1 | |
| 8. | „Snídaně v trávě“ není název: | D | 1 | |
| 9. | Když vyrazíme od Mumlavského v... | Krakonošova snídaně | 0 | |
| 10. | Mnozí z nás si snídani bez káv... | třešně | 1 |